| 000 | 01071nam a22003257a 4500 | ||
|---|---|---|---|
| 003 | CHAP | ||
| 005 | 20220329135600.0 | ||
| 008 | 971013s1917 r 00010 d | ||
| 010 | _a38847 | ||
| 011 | _a39819 | ||
| 035 | _a43944 | ||
| 040 | _cCHAP | ||
| 082 |
_a338.1735 _bM6a |
||
| 100 | 0 | 0 |
_aMolina, Luis G. _977411 |
| 245 |
_aApuntes para la historia del asunto Molina Reguladora _b: una carta rectificando conceptos del Sr. Luis de la Peña |
||
| 260 |
_aMérida : _bImprenta Manzanillo, _c1917 |
||
| 300 | _a1 hoja | ||
| 490 | _aEjemplar deteriorado | ||
| 590 |
_aBATCH-UPD _b10 _c20130110 _lUCH01 _h1102 |
||
| 590 |
_aBATCH-UPD _b10 _c20130410 _lUCH01 _h0655 |
||
| 590 |
_aBATCH-UPD _b10 _c20130914 _lUCH01 _h1606 |
||
| 590 |
_aCONVERSION _b10 _c20130109 _lUCH01 _h1322 |
||
| 650 | 1 | 4 |
_aHenequén _xYucatán. _953592 |
| 700 | 0 |
_aPeña, Luis de la. _986863 |
|
| 710 | 0 |
_aComisión Reguladora del Mercado de Henequén. _925829 |
|
| 830 | 0 |
_aEjemplar deteriorado _935837 |
|
| 901 | _aBK | ||
| 942 | _cLIBRO | ||
| 949 |
_a338.1735 M6a _bBC _cBPP _d-100575 _eBPP _i43944 _si |
||
| 999 |
_c38847 _d38847 |
||